000 06224namaa22004451i 4500
003 EG-GICUC
005 20260422104656.0
008 260406s2024 ua a|||frm||| 000 0 eng d
040 _aEG-GICUC
_beng
_cEG-GICUC
_dEG-GICUC
_erda
041 0 _aeng
_beng
_bara
049 _aDeposit
082 0 4 _a615.321
092 _a615.321
_221
097 _aM.Sc
099 _aCai01.12.05.M.Sc.2024.Ha.E
100 0 _aHanaa Toson Ahmed,
_epreparation.
245 1 0 _aEnhancement of the antibiotic susceptibility of clinical klebsiella isolates producing extended spectrum beta-lactamases by some plant extracts /
_cby Hanaa Toson Ahmed ; Supervisors Prof. Dr. Zienat Kamel Mohamed Ibrahim, Dr. Mohamed G. Farahat, Dr. Sherin Mohamed Ashraf Sharaf.
246 1 5 _aزيادة حساسية المضادات الحيوية علي عزلات الكلبسيلا الممرضة المنتجة للبيتالاكتاميز الممتد الطيف بإستخدام بعض مستخلصات النباتات الطبية
264 0 _c2025.
300 _a21 pages :
_billustrations ;
_c25 cm. +
_eCD.
336 _atext
_2rda content
337 _aUnmediated
_2rdamedia
338 _avolume
_2rdacarrier
502 _aThesis (Ph.D)-Cairo University, 2024.
504 _aBibliography: pages 20-21.
520 3 _aInfections caused by extended-spectrum β-lactamases (ESBLs)-producing bacteria significantly challenge clinical patient care. This study aims to investigate the antibiogram of clinical Klebsiella isolates, focusing on prevalence of ESBL-producing Klebsiellapneumoniae (ESBL-Kp) and evaluate the antibacterial potential of Solenostemmaargel extracts against these isolates. Herein, 181 clinical Klebsiella spp. were identified by MALDI-TOF and Vitek2 system was used to determine the antibiograms of K. pneumoniae. Phenotypic detection of ESBL was conducted using CHROMagar ESBL and the molecular characterization of blaTEM, blaSHV, and blaCTX-M genes were carried out by polymerase chain reaction (PCR). In addition, the antibacterial activity of methanolic and ethanolic extracts of S. argel was investigated. Results revealed that 115 isolates out of 181 were identified as Klebsiella species. Of which, K. pneumoniae represented 89% while K. ozaenae and K. oxytoca were 7% and 4%, respectively. Results of the phenotypic detection of ESBL revealed that 28.5% of K. pneumoniae isolates produced ESBLs and the molecular characterization showed that 100, 87.5, and 45.8% of ESBL-Kp isolates were positive for blaSHV, blaCTX-M and blaTEM genes, respectively. Furthermore, the methanolic extract of S. argel exhibited promising antioxidant and antibacterial activity against ESBL-Kp with minimum inhibitory concentration (MIC) values ranged from 1 to 16 μg/mL. This investigation shed light on the elevated levels of resistance among clinical K. pneumoniae isolates accompanied by the acquisition of the blaSHV gene and verified the potent antibacterial activity of S. argel against ESBL-producing K. pneumoniae, suggesting the potential application of its methanolic extract in combating ESBL-Kp.
520 3 _aتشكل العدوى التي تسببها البكتيريا المنتجة للبيتا لاكتاميز ذو الطيف الممتد (ESBLs) تحديًا صحيا كبيرًا. تهدف هذه الدراسة إلى دراسة مقاومة عزلات كليبسيلا للمضادات الحيوية، مع التركيز على انتشار كليبسيلا نيمونيا المنتجة لـ ESBL وتقييم الإمكانات المضادة للبكتيريا لمستخلصات لنبات الحرجل Solenostemmaargel ضد هذه العزلات.في هذه الدراسة، تم التعرف على 181 نوعًا من كليبسيلا بواسطة MALDI-TOF وتم استخدام نظام Vitek2 لتحديد حساسيتها للمضادات الحيوية.تم إجراء الكشف الظاهري عن ESBL باستخدامCHROMagar ESBL وتم إجراء التوصيف الجزيئي لجيناتblaTEMو blaSHVو blaCTX-M بواسطة تفاعل البلمرة المتسلسل (PCR).بالإضافة إلى ذلك، تم التحقيق في النشاط المضاد للبكتيريا للمستخلصات الميثانولية والإيثانولية للنبات و أظهرت نتائج التعريف أن 115 عينة من أصل 181 عينة أنها نوع من كليبسيلاوأظهر التوصيف الجزيئي أن 100 و87.5 و45.8% من عينات ESBL-Kpكانت إيجابية لجيناتblaSHVوblaCTX-M وblaTEMعلى التوالي.علاوة على ذلك، أظهر المستخلص الميثانولي للنبات نشاطًا مضادًا للأكسدة ومضادًا للبكتيريا مع قيم تركيز مثبط أدنى (MIC) تتراوح من 1 إلى 16 ميكروجرام / مل.و بذلك سلط هذا البحث الضوء على المستويات المرتفعة للمقاومة بين عزلات كليبسيلا نيمونيا المصحوبة باكتساب جينblaSHVوتم التتحقق من النشاط القوي المضاد للبكتيريا لنبات الحرجل ضد كليبسيلا نيمونيا المنتجة لـ ESBL، مما يشير إلى التطبيق المحتمل لمستخلصه الميثانولي في مكافحةتلك البكتيريا.
530 _aIssues also as CD.
546 _aText in English and abstract in Arabic & English.
650 0 _aMicrobiology
650 0 _aميكروبيولوجي
653 1 _aEnterobacteriaceae
_aESBLs
_aKlebsiella species
_aAntibiotic resistance
_aAntimicrobial activity
_aSolenostemma argel
_aبكتيريا كليبسيلا
_aبيتا لاكتاميز ممتد الطيف
700 0 _aZienat Kamel Mohamed Ibrahim
_ethesis advisor.
700 0 _aMohamed G. Farahat
_ethesis advisor.
700 0 _aSherin Mohamed Ashraf Sharaf
_ethesis advisor.
900 _b01-01-2025
_cZienat Kamel Mohamed Ibrahim
_cMohamed G. Farahat
_cSherin Mohamed Ashraf Sharaf
_UCairo University
_FFaculty of Science
_DDepartment of Botany and Microbiology
905 _aShimaa
_eEman Ghareb
942 _2ddc
_cTH
_e21
_n0
999 _c179239